| 000 | 00357nam a2200157Ia 4500 | ||
|---|---|---|---|
| 008 | 230711s9999||||xx |||||||||||||| ||und|| | ||
| 020 | _a978-0-330-48714-6 | ||
| 041 | _aENG | ||
| 082 |
_a800 _bNA-B |
||
| 100 | _aNaipaul,V.S | ||
| 245 | 2 | _aA bend in the river | |
| 260 |
_c1979 _aNew Delhi _bPicador |
||
| 300 | _a326 | ||
| 650 | _aLiterature | ||
| 942 | _cBK | ||
| 999 |
_c5327 _d5327 |
||